| 000 | 01608pam a2200361 a 4500 | ||
|---|---|---|---|
| 001 | 636783 | ||
| 005 | 19940328094236.8 | ||
| 008 | 931129s1994 paua f 001 0 eng c | ||
| 010 | _a 93044618 | ||
| 020 | _a0397551177 | ||
| 040 |
_aDNLM/DLC _cDLC _dDLC |
||
| 050 | 0 | 0 |
_aRT68 _b.B68 1994 |
| 060 | 0 | 0 | _aQV 735 B791m 1994 |
| 082 | 0 | 0 |
_a615.14 _220 _bBOY |
| 100 | 1 | _aBoyer, Mary Jo. | |
| 245 | 1 | 0 |
_aMath for nurses : _ba pocket guide to dosage calculation and drug preparation / _cMary Jo Boyer. |
| 250 | _a3rd ed. | ||
| 260 |
_aPhiladelphia : _bLippincott, _cc1994. |
||
| 300 |
_axvi, 264 p. : _bill. ; _c19 cm. |
||
| 500 | _aIncludes index. | ||
| 650 | 0 |
_aNursing _xMathematics _xHandbooks, manuals, etc. |
|
| 650 | 0 |
_aPharmaceutical arithmetic _xHandbooks, manuals, etc. |
|
| 650 | 2 |
_aDosage Forms _xnurses' instruction. |
|
| 650 | 2 |
_aMathematics _xnurses' instruction. |
|
| 650 | 2 |
_aPharmacology _xnurses' instruction. |
|
| 650 | 2 |
_aDosage Forms _xhandbooks. |
|
| 650 | 2 |
_aMathematics _xhandbooks. |
|
| 650 | 2 |
_aPharmacology _xhandbooks. |
|
| 942 |
_2ddc _cBB |
||
| 999 |
_c10910 _d10910 |
||